000 00534nam a2200193Ia 4500
005 20260429112036.0
008 260429s9999||||xx |||||||||||||| ||und||
020 _a9781804897942
041 _aEnglish
082 _a070.4
_bWAL
100 _aWalton, Randolph
245 0 _aJournalism and emotion /
_cRandolph Walton
260 _aUnited Kingdom :
_bBrilliant Publication Ltd. ,
_c2026.
300 _ax, 274 p.; hb
650 _a Media studies
650 _a Psychology of communication
650 _aJournalism
942 _cTB
999 _c52044
_d52044